[Event "GER-chT North U16"]
[Site "Greifswald"]
[Date "2013.09.14"]
[Round "6.2"]
[White "Niggl, Michael"]
[Black "Pfreundt, Jakob"]
[Result "0-1"]
[WhiteElo "1419"]
[BlackElo "1903"]
[PlyCount "46"]
[EventDate "2013.09.12"]
[EventType "team-swiss"]
[EventRounds "7"]
[EventCountry "GER"]
[SourceTitle "EXT 2014"]
[Source "ChessBase"]
[SourceDate "2013.11.20"]
[SourceVersion "1"]
[SourceVersionDate "2013.11.20"]
[SourceQuality "1"]
[WhiteTeam "Halle"]
[BlackTeam "Hamburg Koenigsspringer"]
[WhiteTeamCountry "GER"]
[BlackTeamCountry "GER"]

1. c4 e5 2. g3 Nc6 3. Nc3 Bc5 4. Bg2 a6 5. e3 d6 6. Nge2 Ba7 7. 0-0 h5 8. d4 h4 9. d5 Nce7 10. b4 hxg3 11. fxg3 Nf6 12. Qd3 Bg4 13. Ne4 Nxe4 14. Bxe4 f5 15. Bg2 g6 16. Kh1 Ng8 17. Bb2 Qe7 18. Nf4 Qh7 19. h3 g5 20. Kg1 gxf4 21. Rxf4 exf4 22. Bxh8 Qxh8 23. hxg4 Qxa1+ 0-1